Normal view
MARC view
- الاردن-تاريخ /الاسلام-تاريخ
Entry Topical Term
001 - CONTROL NUMBER
- control field: 57678
003 - CONTROL NUMBER IDENTIFIER
- control field: JO-AjAnu
005 - DATE AND TIME OF LATEST TRANSACTION
- control field: 20230606083437.0
008 - FIXED-LENGTH DATA ELEMENTS
- fixed length control field: 230606|| aca||aabn | a|a d
040 ## - CATALOGING SOURCE
- Original cataloging agency: JO-AjAnu
- Transcribing agency: JO-AjAnu
150 ## - HEADING--TOPICAL TERM
- Topical term or geographic name entry element: الاردن-تاريخ /الاسلام-تاريخ
670 ## - SOURCE DATA FOUND
- Source citation: Work cat.: (JO-AjAnu)29429: الدغمي، محمد ركان ، الهندي، ذياب , author 57677, الاوقاف والمساجد: تطور التعليم الديني الاسلامي